000 00646nam a22001937a 4500
005 20150609154718.0
010 _aENG-113044
020 _a9789385160035
_c695.00
035 _aEN-96576
037 _bDBAB/PUB
082 _a598.942
100 _aRathore, Ishwar Singh
245 _aEagle :
_cby Ishwar Singh Rathore
_bking of sky /
260 _aNew Delhi
_bLenin Media
_c2015
270 _a204-205, IInd Floor, Durga Complex Centre Shoping Complex Mayur Vihar, Phase-II
_bNew Delhi
_e110091
300 _a248p. :
_c22cm(Hb)
_bill.
500 _aIncludes bibliographical references and index
942 _2ddc
_cEN
_mRAT
_h598.942
999 _c93592
_d93592